Contemporary engineering economics (Record no. 2014)

000 -LEADER
fixed length control field 00571nam a22002054a 4500
001 - CONTROL NUMBER
control field 2014
003 - CONTROL NUMBER IDENTIFIER
control field BD-DhUET
008 - FIXED-LENGTH DATA ELEMENTS--GENERAL INFORMATION
fixed length control field 160220b xxu||||| |||| 00| 0 eng d
020 ## - INTERNATIONAL STANDARD BOOK NUMBER
International Standard Book Number 0130893102
040 ## - CATALOGING SOURCE
Original cataloging agency DLC
Transcribing agency DLC
Modifying agency BD-DhUET
Language of cataloging 0
082 00 - DEWEY DECIMAL CLASSIFICATION NUMBER
Classification number 658.15
Item number PAR/2002
100 1# - MAIN ENTRY--PERSONAL NAME
Personal name Park, Chan S.
245 10 - TITLE STATEMENT
Title Contemporary engineering economics
Statement of responsibility, etc. by Chan S. Park
250 ## - EDITION STATEMENT
Edition statement 3rd ed.
260 ## - PUBLICATION, DISTRIBUTION, ETC. (IMPRINT)
Place of publication, distribution, etc. New Jersey
Name of publisher, distributor, etc. Prentice Hall
Date of publication, distribution, etc. 2002
300 ## - PHYSICAL DESCRIPTION
Extent xxxi, 920 p.
Other physical details ill. (some col.), map
Dimensions 24 cm.
504 ## - BIBLIOGRAPHY, ETC. NOTE
Bibliography, etc Includes bibliographies
650 #0 - SUBJECT ADDED ENTRY--TOPICAL TERM
Topical term or geographic name as entry element Engineering economy
942 ## - ADDED ENTRY ELEMENTS (KOHA)
Koha item type General Book
Holdings
Shelving location Source of classification or shelving scheme Sublocation or collection (holding branch) Price effective from Damaged status Date acquired Lost status Koha date last borrowed Copy number Piece designation (barcode) Location (home branch) Koha item type Not for loan Koha issues (times borrowed) Withdrawn status Koha normalized classification for sorting Koha date last seen Koha full call number
Circulation section Central Library, BUET2014-09-16 2014-09-16  1102575Central Library, BUETGeneral Book   658_000000000000000_15PAR20022014-09-16658.15/PAR/2002
Circulation section Central Library, BUET2014-09-16 2014-09-16  2102580Central Library, BUETGeneral Book   658_000000000000000_15PAR20022014-09-16658.15/PAR/2002
Circulation section Central Library, BUET2014-09-16 2014-09-16 2018-11-123102574Central Library, BUETGeneral Book 1 658_000000000000000_15PAR20022019-04-13658.15/PAR/2002
Circulation section Central Library, BUET2014-09-16 2014-09-16  4102579Central Library, BUETGeneral Book   658_000000000000000_15PAR20022014-09-16658.15/PAR/2002
Circulation section Central Library, BUET2014-09-16 2014-09-16  5102581Central Library, BUETGeneral Book   658_000000000000000_15PAR20022014-09-16658.15/PAR/2002
Circulation section Central Library, BUET2014-09-16 2014-09-16  6102576Central Library, BUETGeneral Book   658_000000000000000_15PAR20022014-09-16658.15/PAR/2002
Circulation section Central Library, BUET2014-09-16 2014-09-16  7102578Central Library, BUETGeneral Book   658_000000000000000_15PAR20022014-09-16658.15/PAR/2002
Circulation section Central Library, BUET2014-09-16 2014-09-16  8102577Central Library, BUETGeneral Book   658_000000000000000_15PAR20022014-09-16658.15/PAR/2002
Circulation section Central Library, BUET2014-09-16 2014-09-16  9102573Central Library, BUETGeneral Book   658_000000000000000_15PAR20022014-09-16658.15/PAR/2002
Circulation section Central Library, BUET2017-04-15 2006-06-26  10102582Central Library, BUETGeneral Book   658_150000000000000_PAR_20022017-04-15658.15/PAR/2002